Sikhim and Bhutan : (Record no. 553209)
[ view plain ]
| 000 -LEADER | |
|---|---|
| fixed length control field | 00619cam a2200157 a 4500 |
| 020 ## - INTERNATIONAL STANDARD BOOK NUMBER | |
| International Standard Book Number | 8175361646 |
| 082 ## - DEWEY DECIMAL CLASSIFICATION NUMBER | |
| Classification number | 954.167 |
| Author Mark | WHI |
| 100 1# - MAIN ENTRY--PERSONAL NAME | |
| Personal name | White, J. Claude |
| 9 (RLIN) | 50472 |
| 245 10 - TITLE STATEMENT | |
| Title | Sikhim and Bhutan : |
| Remainder of title | twenty-one years on the north-east frontier, 1887-1908 / |
| Statement of responsibility, etc. | J. Claude White. |
| 260 ## - PUBLICATION, DISTRIBUTION, ETC. | |
| Place of publication, distribution, etc. | LONDON |
| Name of publisher, distributor, etc. | EDWARD ARNOLD |
| -- | Distributed by D K Publishers Distributors, |
| Date of publication, distribution, etc. | 1909 |
| 300 ## - PHYSICAL DESCRIPTION | |
| Extent | xix, 331 p., [41] leaves of plates : |
| Other physical details | ill., folded map ; |
| Dimensions | 23 cm. |
| 500 ## - GENERAL NOTE | |
| General note | Originally published: Sikhim & Bhutan . London : Edward Arnold, 1909. |
| 526 ## - STUDY PROGRAM INFORMATION NOTE | |
| Program name | 0 |
| Interest level | 0 |
| Reading level | 0 |
| Title point value | 954_167000000000000_WHI |
| 650 ## - SUBJECT ADDED ENTRY--TOPICAL TERM | |
| Topical term or geographic name entry element | MCE |
| 9 (RLIN) | 379 |
| 942 ## - ADDED ENTRY ELEMENTS (KOHA) | |
| Source of classification or shelving scheme | |
| Koha item type | Book |
| Withdrawn status | Lost status | Source of classification or shelving scheme | Damaged status | Not for loan | Permanent Location | Current Location | Shelving location | Date acquired | Total Checkouts | Full call number | Barcode | Date last seen | Price effective from | Koha item type |
|---|---|---|---|---|---|---|---|---|---|---|---|---|---|---|
| Military College of Engineering (MCE) | Military College of Engineering (MCE) | 02/02/2015 | 954.167 WHI | MCE-ECS/65 | 02/02/2015 | 02/02/2015 | Book |
